Adivina el videojuego - Estadísticas

Estadísticas generales
  • Esta prueba ha sido intentada 121 veces
  • La puntuación promedio es 10 de 16
Estadísticas de respuestas
Imagen Respuesta % Correcto
Among Us
95%
Fortnite
92%
GTA V
92%
Pou
91%
Clash Royale
90%
Fall Guys
83%
Splatoon
70%
Temple Run
69%
Sims
68%
Hay Day
59%
FIFA 22
57%
Only Up
40%
Fireboy and Watergirl
36%
Skylanders
26%
Passpartout
5%
Robbery Bob
3%
No se encontraron pruebas coincidentes
Distribución de puntuación
Porcentaje de gente con cada puntuación
Porcentaje por número respondido
Historial de tus puntuaciones
No has intentado esta prueba.